00488nam a22001337a 4500008004100000040001800041041000800059100004400067245010300111260005700214300001800271500004800289650001700337130821s1909 fr gr fre  aCo-BoUCMbspa00afre1 aNewman, John HenrycCardenald1801-189000aMeditations et PrièrescCardenal John Henry Newman ; traduit de L'anglais par Marie Agnes Perate aParís (Francia)bLibrairie Víctor Lecoffrec1909 a343 páginas aNotas a pie de página.-- Incluye índice04aMeditaciones